[Event "BRANCO"]
[Site "http://www.queenalice.com/game.php?id=589197"]
[Date "2009.5.16"]
[Round "-"]
[White "spawnwolfwolverine"]
[Black "IRANIRAQ"]
[Result "0-1"]
[WhiteElo "1637"]
[BlackElo "1628"]

1. c4 e5 2. d3 Nc6 3. e4 Nf6 4. Bg5 Be7 5. g3 Bb4+ 6. Nc3 Bxc3+ 7. bxc3 h6 8.
Bxf6 Qxf6 9. Nf3 d6 10. Bg2 Bg4 11. O-O b6 12. a3 Ne7 13. d4 c6 14. a4 d5 15.
cxd5 cxd5 16. dxe5 Qg6 17. exd5 Rd8 18. c4 O-O 19. a5 b5 20. cxb5 Rxd5 21. Qe2
Qe6 22. Rfe1 Ng6 23. Ra4 Bxf3 24. Bxf3 Rxe5 25. Qxe5 Nxe5 26. Rae4 Nxf3+ 27. Kf1
Nd2+ 28. Kg2 Nxe4 29. f3 Qa2+ 30. Kh3 Ng5+ 31. Kg4 Qxh2 32. f4 Qh3# 0-1

[Event "PRETO"]
[Site "http://www.queenalice.com/game.php?id=589202"]
[Date "2009.5.16"]
[Round "-"]
[White "IRANIRAQ"]
[Black "spawnwolfwolverine"]
[Result "0-1"]
[WhiteElo "1641"]
[BlackElo "1617"]

1. e4 e5 2. Nf3 d6 3. Nc3 Bg4 4. Be2 Nf6 5. d4 Be7 6. Bg5 O-O 7. Bxf6 Bxf6 8.
dxe5 Bxe5 9. Nxe5 Bxe2 10. Qxe2 dxe5 11. Rd1 Qg5 12. O-O Nc6 13. Rd7 Nd4 14.
Rxc7 Nxe2+ 15. Nxe2 b6 16. Rd1 h5 17. Nc3 h4 18. h3 Kh7 19. Nb5 f5 20. Nxa7 Rxa7
21. Rxa7 fxe4 22. Kh2 Rxf2 23. Rg1 e3 24. Rc7 e2 25. Kh1 Rf1 26. Rxf1 exf1=Q+
0-1

[Event "AZUL"]
[Site "http://www.queenalice.com/game.php?id=589203"]
[Date "2009.5.16"]
[Round "-"]
[White "filomenos"]
[Black "IRANIRAQ"]
[Result "1-0"]
[WhiteElo "1933"]
[BlackElo "1641"]

1. d4 d5 2. Nc3 Nf6 3. g3 Nc6 4. Bg2 e5 5. Nf3 e4 6. Nd2 Nxd4 7. f3 exf3 8. Nxf3
Nxf3+ 9. Bxf3 c6 10. Bf4 Bg4 11. Bg2 Bb4 12. Bd2 O-O 13. a3 Bxc3 14. Bxc3 Re8
15. Bf1 Ne4 16. Qd4 f6 17. O-O-O Qd7 18. Rg1 Nxc3 19. Qxc3 Bxe2 20. Re1 Bxf1 21.
Rgxf1 Rxe1+ 22. Rxe1 Re8 23. Rd1 Qh3 24. Qd2 b5 25. Kb1 Re4 26. Qf2 Qg4 27. Rf1
Re2 28. Qxa7 Qc4 29. Qb8+ Kf7 30. Rc1 g5 31. Qc7+ Kg6 32. g4 Rxh2 33. Qxh2 Qxg4
34. Rh1 1-0

[Event "VERDE"]
[Site "http://www.queenalice.com/game.php?id=589205"]
[Date "2009.5.16"]
[Round "-"]
[White "IRANIRAQ"]
[Black "filomenos"]
[Result "0-1"]
[WhiteElo "1646"]
[BlackElo "1922"]

1. d4 d5 2. Nc3 g6 3. Nf3 Bg7 4. e4 Bg4 5. Nxd5 e6 6. Ne3 Bxf3 7. Qxf3 Nc6 8.
Bb5 Bxd4 9. Bxc6+ bxc6 10. c3 Bg7 11. O-O Nf6 12. Rd1 Qe7 13. b3 O-O 14. c4 Nxe4
15. Rb1 Nc3 16. Bb2 Nxb1 17. Bxg7 Kxg7 18. Rxb1 Qc5 19. Rd1 Rad8 20. Rxd8 Rxd8
21. g3 Rd3 22. Qe2 Qd6 23. Qb2+ Qd4 24. Qxd4+ Rxd4 25. Kg2 Rd2 26. a4 Rb2 27. c5
Rxb3 28. Ng4 Rc3 29. Ne5 Rxc5 30. Nd7 Ra5 31. h4 Rxa4 32. Nc5 Rc4 0-1

[Event "CINZA"]
[Site "http://www.queenalice.com/game.php?id=589206"]
[Date "2009.5.16"]
[Round "-"]
[White "spawnwolfwolverine"]
[Black "IRANIRAQ"]
[Result "0-1"]
[WhiteElo "1770"]
[BlackElo "1647"]

1. c4 e5 2. d3 Nc6 3. e4 Bc5 4. Nf3 Nf6 5. Be2 Ng4 6. O-O d6 7. Nc3 a6 8. Bg5
Qd7 9. Nd5 f6 10. Bh4 Nb4 11. Nxb4 Bxb4 12. a3 Bc5 13. b4 Bd4 14. Nxd4 exd4 15.
Bxg4 Qxg4 16. Qxg4 Bxg4 17. a4 c5 18. b5 Be2 19. f4 Bxf1 20. Kxf1 Kd7 21. g4 Ke7
22. h3 b6 23. e5 dxe5 24. fxe5 Kf7 25. exf6 gxf6 26. Ke2 a5 27. Rf1 Rae8+ 28.
Kd2 Re6 29. Bg3 Kg6 30. Bc7 h6 31. h4 Rf8 32. h5+ Kh7 33. Rf5 Rg8 34. Rf4 Rc8
35. Bxb6 Rxb6 36. Rf5 Re8 37. Rd5 Rg8 38. Rxc5 Re6 39. Rd5 Rxg4 40. Rf5 Rg2+ 41.
Kd1 Re3 42. Rxf6 Rg1+ 43. Kd2 Rg2+ 44. Kd1 Rxd3+ 45. Ke1 Ra3 46. Kf1 Rc2 47. Re6
Ra1+ 48. Re1 Rxe1+ 49. Kxe1 Rxc4 50. Kd2 Rxa4 51. Kd3 Kg7 52. b6 Rb4 53. b7 Rxb7
54. Kxd4 Kf6 55. Kc4 a4 56. Kc5 a3 57. Kc6 Rb1 58. Kc7 a2 59. Kc6 a1=Q 60. Kd6
Qe5+ 61. Kc6 Rb5 62. Kd7 Qe7+ 63. Kc8 Rc5+ 64. Kb8 Qc7+ 65. Ka8 Ra5# 0-1

[Event "LARANJA"]
[Site "http://www.queenalice.com/game.php?id=589207"]
[Date "2009.5.16"]
[Round "-"]
[White "IRANIRAQ"]
[Black "spawnwolfwolverine"]
[Result "0-1"]
[WhiteElo "1637"]
[BlackElo "1613"]

1. e4 e5 2. Nf3 d6 3. Nc3 Bg4 4. d3 Nf6 5. Be2 Be7 6. Bg5 O-O 7. Bxf6 Bxf6 8. h3
Bxf3 9. Bxf3 c6 10. O-O a5 11. Ne2 b5 12. c3 c5 13. d4 cxd4 14. cxd4 exd4 15. e5
Bxe5 16. Qd3 Ra7 17. Nxd4 Bxd4 18. Qxd4 Re7 19. Rad1 Re6 20. Rd3 Nc6 21. Bxc6 b4
22. Rg3 g6 23. Re3 Rxe3 24. Qxe3 Qc7 25. Rc1 Rc8 26. Qe4 f5 27. Bd5+ Kg7 28.
Rxc7+ Rxc7 29. Qe8 Rc1+ 30. Kh2 Rc2 31. Qf7+ Kh6 32. Qf6 Rxf2 33. Bg8 a4 34.
Qg7+ Kxg7 35. Bc4 Rxb2 0-1

[Event "MARROM"]
[Site "http://www.queenalice.com/game.php?id=589209"]
[Date "2009.5.16"]
[Round "-"]
[White "Groomi"]
[Black "IRANIRAQ"]
[Result "0-1"]
[WhiteElo "1797"]
[BlackElo "1639"]

1. d4 d5 2. c3 Nf6 3. Nf3 Nc6 4. Ne5 Bd7 5. Bf4 e6 6. Nd2 Bd6 7. Ndf3 Bxe5 8.
dxe5 Ne4 9. e3 h6 10. Qb3 b6 11. Bb5 O-O 12. O-O Na5 13. Qa4 Bxb5 14. Qxb5 Nc4
15. Nd4 a6 16. Qb4 c5 17. Nc6 cxb4 18. Nxd8 Raxd8 19. cxb4 Nxb2 20. f3 Nc3 21.
Rfc1 Ne2+ 22. Kf1 Nxc1 23. Rxc1 Nd3 24. Rc6 Nxf4 25. exf4 Rb8 26. a4 a5 27. b5
Rfc8 28. Rd6 Rc4 29. g4 Rxf4 30. Kf2 Rxa4 31. Kg3 Rc4 32. h4 g5 33. Rd7 d4 34.
Rd6 a4 35. hxg5 hxg5 36. Rd7 Rbc8 37. Rb7 d3 38. Rxb6 Rd8 39. Ra6 d2 40. b6 d1=Q
41. b7 Qe1+ 42. Kg2 Rd2+ 43. Kh3 Qf1+ 44. Kg3 Qg2# 0-1

[Event "SERRA-ES"]
[Site "http://www.queenalice.com/game.php?id=589210"]
[Date "2009.5.16"]
[Round "-"]
[White "IRANIRAQ"]
[Black "Demig"]
[Result "1-0"]
[WhiteElo "1624"]
[BlackElo "1318"]

1. d4 d5 2. Nf3 Bf5 3. Nc3 Nc6 4. e3 e6 5. a3 Qe7 6. Bd3 Nh6 7. Bxf5 Nxf5 8. e4
Nd6 9. exd5 e5 10. dxc6 exd4+ 11. Ne2 bxc6 12. Nxd4 c5 13. Nc6 Qd7 14. Qd5 Nb7
15. Qxd7+ Kxd7 16. Ne5+ Ke8 17. Be3 f6 18. Nc6 Bd6 19. Nf4 Kd7 20. Nxa7 Rxa7 21.
Nd5 Re8 22. O-O Ra5 23. c4 c6 24. Nf4 Be5 25. Rab1 g5 26. Nd3 Bc3 27. bxc3 Rxa3
28. Nxc5+ Nxc5 29. Bxc5 Rxc3 30. Rbc1 Rb3 31. g3 Rb5 32. cxb5 cxb5 33. Rfe1 Re5
34. Red1+ Kc6 35. Bd4+ Kd6 36. Bxe5+ Kxe5 37. Rc6 Kf5 38. Rd5+ Kg6 39. f4 Kh5
40. fxg5 fxg5 41. Rcc5 1-0

[Event "VILA VELHA-ES"]
[Site "http://www.queenalice.com/game.php?id=589212"]
[Date "2009.5.17"]
[Round "-"]
[White "IRANIRAQ"]
[Black "rsgaspar"]
[Result "0-1"]
[WhiteElo "1668"]
[BlackElo "1970"]

1. e4 e5 2. Nc3 Bc5 3. Nf3 d6 4. d4 exd4 5. Nxd4 Nf6 6. Be3 O-O 7. Bd3 Ng4 8.
Qe2 Nxe3 9. Qxe3 Be6 10. Be2 Qf6 11. Ncb5 a6 12. b4 Bb6 13. Rd1 axb5 14. Qd3 Nc6
15. Nxc6 Bxf2+ 16. Kd2 Qg5+ 17. Kc3 Ra3+ 0-1

[Event "CARIACICA-ES"]
[Site "http://www.queenalice.com/game.php?id=589213"]
[Date "2009.5.16"]
[Round "-"]
[White "spawnwolfwolverine"]
[Black "IRANIRAQ"]
[Result "0-1"]
[WhiteElo "1740"]
[BlackElo "1620"]

1. e4 e5 2. d3 Nc6 3. Nc3 Nf6 4. Bg5 Bb4 5. Be2 Bxc3+ 6. bxc3 d6 7. Nf3 h6 8.
Bxf6 Qxf6 9. O-O Qg6 10. a4 Bh3 11. g3 Bxf1 12. Bxf1 O-O 13. Bg2 b6 14. Qe2 Ne7
15. d4 exd4 16. Nxd4 c5 17. Nb3 Rae8 18. Rd1 Rd8 19. f4 Qf6 20. c4 Qe6 21. e5
dxe5 22. Rxd8 Rxd8 23. a5 Nc6 24. Bxc6 Qxc6 25. axb6 Qxb6 26. Qxe5 Qd6 27. Qxd6
Rxd6 28. Nxc5 Kf8 29. h4 Rd2 30. Na6 Rxc2 31. c5 Ke7 32. g4 Ke6 33. Nc7+ Kd7 34.
Nb5 a6 35. Nd4 Rxc5 36. Nf5 g6 37. Nxh6 Ke7 38. f5 gxf5 39. gxf5 a5 40. h5 Kf6
41. Ng4+ Kg5 42. Ne3 a4 43. Kf1 a3 44. Nd1 a2 45. Nc3 Rxc3 46. f6 a1=Q+ 47. Ke2
Qb2+ 48. Kd1 Rc1# 0-1

[Event "VIANA-ES"]
[Site "http://www.queenalice.com/game.php?id=589214"]
[Date "2009.5.16"]
[Round "-"]
[White "IRANIRAQ"]
[Black "raf33700"]
[Result "1/2-1/2"]
[WhiteElo "1668"]
[BlackElo "1378"]

1. d4 d5 2. Nc3 e6 3. Nf3 Nc6 4. e3 a6 5. e4 dxe4 6. Nxe4 Nf6 7. Bg5 Be7 8. Ne5
Nxe5 9. Bxf6 Bxf6 10. dxe5 Bxe5 11. Qxd8+ Kxd8 12. Rd1+ Bd7 13. b3 Ke7 14. Bc4
Rad8 15. O-O Bc6 16. Nc5 Rxd1 17. Rxd1 Bd6 18. Nd3 Rd8 19. Nb2 g6 20. Be2 Be5
21. Rxd8 Kxd8 22. Nc4 Bf6 23. Na5 Kd7 24. Nxc6 Kxc6 25. Kf1 Kd6 26. Bc4 b5 27.
Bd3 c5 28. c4 b4 29. Ke2 Be5 30. g3 f5 31. f4 Bd4 32. Kf3 e5 33. fxe5+ Kxe5 34.
h3 h5 35. h4 a5 36. Bc2 Bb2 37. Ke3 Bc1+ 38. Kd3 g5 39. hxg5 Bxg5 40. Bd1 h4 41.
gxh4 Bxh4 42. Bf3 Bd8 43. Ke3 f4+ 44. Kd3 a4 45. bxa4 Bb6 46. Bd1 Ba5 47. Bf3
Bb6 48. Bb7 Ba5 1/2-1/2

[Event "PORTUGUÊS"]
[Site "http://www.queenalice.com/game.php?id=634443"]
[Date "2009.8.11"]
[Round "-"]
[White "IRANIRAQ"]
[Black "Fernando_cun"]
[Result "1/2-1/2"]
[WhiteElo "1647"]
[BlackElo "1664"]

1. d4 d5 2. Nc3 Be6 3. Nf3 h6 4. e4 dxe4 5. Nxe4 Bd5 6. Nc3 Bxf3 7. Qxf3 c6 8.
Be3 e6 9. Bd3 Bb4 10. Bd2 Bxc3 11. Bxc3 a5 12. O-O Nf6 13. a3 Nd5 14. Be2 Nxc3
15. Qxc3 O-O 16. b4 a4 17. Rfd1 Nd7 18. Qf3 Nf6 19. c4 b5 20. Qxc6 bxc4 21. Bxc4
Rc8 22. Qa6 Ne4 23. Rac1 Qf6 24. Rc2 Rcd8 25. d5 exd5 26. Bd3 Qxa6 27. Bxa6 Rd6
28. Bd3 Rfd8 29. Bxe4 dxe4 30. Rxd6 Rxd6 31. Kf1 Rd1+ 32. Ke2 Ra1 33. Rc3 Rb1
34. Rc4 Rb3 35. g3 Rxa3 36. b5 Rb3 37. Rxa4 Rxb5 38. Rxe4 Rb6 39. Kf3 Rf6+ 40.
Rf4 Rxf4+ 41. Kxf4 Kh7 42. Kf5 f6 43. h4 h5 44. f3 Kh6 45. g4 hxg4 46. fxg4 Kh7
47. g5 fxg5 48. hxg5 Kg8 49. g6 Kf8 1/2-1/2

[Event "MATEMÁTICA"]
[Site "http://www.queenalice.com/game.php?id=634449"]
[Date "2009.8.11"]
[Round "-"]
[White "Fernando_cun"]
[Black "IRANIRAQ"]
[Result "1-0"]
[WhiteElo "1708"]
[BlackElo "1661"]

1. e4 e5 2. Bc4 Nf6 3. d3 Nc6 4. Bg5 Be7 5. Bxf6 Bxf6 6. Qh5 O-O 7. Nf3 g6 8.
Qh6 Ne7 9. h4 d5 10. exd5 Nxd5 11. Bxd5 Qxd5 12. Ng5 Rd8 13. Qxh7+ Kf8 14. Nc3
Qd7 15. Nce4 Bxg5 16. hxg5 Qc6 17. Qh8+ Ke7 18. Qxe5+ Be6 19. O-O-O Rf8 20. b3
Rad8 21. f4 Rd5 22. Qf6+ Ke8 23. Rh8 Rf5 24. Rxf8+ Kxf8 25. Qd8+ Kg7 26. Rh1 1-0

[Event "QUÍMICA"]
[Site "http://www.queenalice.com/game.php?id=634451"]
[Date "2009.8.11"]
[Round "-"]
[White "hamid1"]
[Black "IRANIRAQ"]
[Result "0-1"]
[WhiteElo "1622"]
[BlackElo "1644"]

1. e4 e5 2. d3 Nf6 3. Bg5 Be7 4. Qd2 d5 5. f3 Nc6 6. exd5 Nxd5 7. Bxe7 Qxe7 8.
Na3 a6 9. Ne2 O-O 10. c3 Bd7 11. Ng3 f6 12. d4 exd4+ 13. Be2 Qe5 14. Nc4 dxc3
15. bxc3 Qxc3 16. Rc1 Qxd2+ 17. Kxd2 Nf4 18. Bf1 b5 19. Ne3 Rac8 20. a4 bxa4 21.
Rc4 Ng6 22. Rxa4 a5 23. Bc4+ Kh8 24. Kc3 Ra8 25. Rd1 Nce5 26. Rxd7 Nxd7 27. Bd5
Ra7 28. Ngf5 Rb8 29. g4 Nc5 30. Nc2 Nxa4+ 31. Kd3 Nf4+ 32. Ke4 Nxd5 33. Kxd5 Rb2
34. Nce3 Rxh2 35. Ke6 Kg8 36. Ke7 Rc2 37. f4 c5+ 38. Ke8 Rd2 39. Ne7+ Kh8 40.
N3f5 Ra8+ 41. Kf7 g6 42. Nxg6+ hxg6 43. Kxg6 Rf2 44. Kxf6 Rxf4 45. g5 Rf8+ 46.
Ke5 R8xf5+ 0-1

[Event "HISTÓRIA"]
[Site "http://www.queenalice.com/game.php?id=634452"]
[Date "2009.8.11"]
[Round "-"]
[White "IRANIRAQ"]
[Black "LeandroSouza"]
[Result "1-0"]
[WhiteElo "1659"]
[BlackElo "1641"]

1. d4 d5 2. Nc3 c6 3. Nf3 f6 4. e4 Bg4 5. Be2 dxe4 6. Nxe4 Qd5 7. Nc3 Qe6 8. b3
Bxf3 9. gxf3 Nd7 10. Be3 O-O-O 11. f4 g5 12. Qd3 gxf4 13. Bxf4 Nb6 14. O-O-O Nd5
15. Nxd5 Qxd5 16. Bf3 Qxd4 17. Qxd4 Rxd4 18. Rxd4 e5 19. Rc4 exf4 20. Bg4+ Kc7
21. Re1 Nh6 22. Be6 Ba3+ 23. Kb1 Re8 24. Rce4 Bb4 25. Rxb4 b5 26. Rxf4 f5 27.
Rd4 Ng4 28. Rd7+ Kb6 29. h4 Nxf2 30. Rf1 Rxe6 31. Rxf2 Rh6 32. Rh2 a5 33. h5 f4
34. Rf7 a4 35. Rxf4 axb3 36. axb3 Rd6 37. h6 c5 38. Rf7 Rd1+ 39. Kb2 c4 40. bxc4
bxc4 41. Rxh7 Kb5 42. Rh3 Kb4 43. Rg7 Rd2 44. Rb7+ Kc5 45. h7 Rd8 46. Rg7 Rb8+
47. Ka1 Ra8+ 48. Kb1 Rb8+ 49. Kc1 Kb4 50. Rg8 Rxg8 51. hxg8=Q c3 52. Qd5 Ka3 53.
Qb3# 1-0

[Event "BIOLOGIA"]
[Site "http://www.queenalice.com/game.php?id=634454"]
[Date "2009.8.11"]
[Round "-"]
[White "IRANIRAQ"]
[Black "kiruba"]
[Result "0-1"]
[WhiteElo "1668"]
[BlackElo "1546"]

1. d4 d5 2. Nc3 Nf6 3. Nf3 e6 4. Bg5 Nbd7 5. Ne5 c5 6. Nxd7 Bxd7 7. dxc5 Bxc5 8.
e3 O-O 9. Bb5 Bxb5 10. Nxb5 Qa5+ 11. Nc3 Ne4 12. Bf4 Nxc3 13. Qd3 Ne4+ 14. c3
Qd8 15. O-O a6 16. b4 Bd6 17. Bxd6 Qxd6 18. a3 b5 19. a4 Rfc8 20. Rfc1 Rab8 21.
axb5 axb5 22. f3 Nf6 23. e4 Qb6+ 24. Kh1 dxe4 25. fxe4 Rc4 26. Re1 h6 27. Rac1
Rd8 28. Qf3 Qc6 29. Red1 Rxd1+ 30. Rxd1 Rxc3 31. Qe2 Nxe4 32. h3 Ng3+ 0-1

[Event "AUTO-ADV-1479"]
[Site "http://www.queenalice.com/game.php?id=655385"]
[Date "2009.9.20"]
[Round "1"]
[White "Zacharias_Matuzalem"]
[Black "IRANIRAQ"]
[Result "1-0"]
[WhiteElo "1852"]
[BlackElo "1665"]

1. e4 e5 2. Nf3 Nc6 3. Bb5 Nge7 4. c3 d5 5. exd5 Qxd5 6. Ba4 Qe4+ 7. Kf1 Bd7 8.
d3 Qf5 9. Bc2 Qe6 10. Nbd2 Nf5 11. Nc4 b5 12. Ne3 a6 13. Bd2 Be7 14. d4 Nxe3+
15. Bxe3 exd4 16. Nxd4 Nxd4 17. Bxd4 O-O 18. Qf3 Bc6 19. Qg3 Bf6 20. Re1 Qc4+
21. Bd3 1-0

[Event "AUTO-ADV-1479"]
[Site "http://www.queenalice.com/game.php?id=655386"]
[Date "2009.9.20"]
[Round "1"]
[White "IRANIRAQ"]
[Black "Zacharias_Matuzalem"]
[Result "0-1"]
[WhiteElo "1674"]
[BlackElo "1843"]

1. e4 e5 2. Nf3 Nf6 3. d3 Nc6 4. Nc3 d5 5. exd5 Nxd5 6. Nxd5 Qxd5 7. Be3 Bg4 8.
Be2 O-O-O 9. O-O Qe6 10. Nd2 Bf5 11. c3 Bxd3 12. Re1 Bg6 13. Qb3 Qf6 14. Bf3 Be7
15. Ne4 Qh4 16. Nc5 b6 17. Na6 Na5 18. Qa4 Qxa4 19. b3 Qh4 20. b4 Nc4 21. Be2
Nxe3 0-1

[Event "AUTO-ADV-1479"]
[Site "http://www.queenalice.com/game.php?id=655397"]
[Date "2009.9.20"]
[Round "1"]
[White "Lopesq"]
[Black "IRANIRAQ"]
[Result "1-0"]
[WhiteElo "1670"]
[BlackElo "1652"]

1. Nf3 d5 2. d4 e6 3. c3 Nf6 4. Bf4 Nc6 5. e3 Bd6 6. Bxd6 Qxd6 7. Nbd2 O-O 8. b4
Bd7 9. a4 b6 10. Bb5 e5 11. Bxc6 Qxc6 12. Nxe5 Qxc3 13. Nxd7 Nxd7 14. b5 a6 15.
O-O Rfc8 16. Rc1 Qd3 17. Nf3 Qxd1 18. Rfxd1 axb5 19. axb5 Nf6 20. Ne5 Ne4 21.
Nc6 Re8 22. Nb4 Re6 23. Nxd5 Rc8 24. Nxc7 Re7 25. Nd5 Ree8 26. Rxc8 Rxc8 27.
Ne7+ Kf8 28. Nxc8 1-0

[Event "AUTO-ADV-1479"]
[Site "http://www.queenalice.com/game.php?id=655398"]
[Date "2009.9.20"]
[Round "1"]
[White "IRANIRAQ"]
[Black "Lopesq"]
[Result "0-1"]
[WhiteElo "1637"]
[BlackElo "1723"]

1. d4 d5 2. Nc3 Bf5 3. e3 c6 4. Nf3 e6 5. Bd3 Bxd3 6. Qxd3 Nf6 7. O-O Nbd7 8.
Bd2 Be7 9. e4 dxe4 10. Nxe4 Nxe4 11. Qxe4 Nf6 12. Qd3 O-O 13. c3 c5 14. Bg5 b6
15. Rad1 Qc7 16. Ne5 Rad8 17. Qb5 Rd6 18. Rfe1 Rfd8 19. Nc4 R6d7 20. Ne5 Rd6 21.
Rd2 cxd4 22. cxd4 h6 23. Bxf6 Bxf6 24. Nf3 Bxd4 25. Rxd4 Rxd4 26. Nxd4 Rxd4 27.
g3 Qd8 28. Qb3 Rd2 29. a3 Qd4 30. Rb1 Qxf2+ 0-1

[Event "AUTO-ADV-1479"]
[Site "http://www.queenalice.com/game.php?id=655403"]
[Date "2009.9.20"]
[Round "1"]
[White "ravague"]
[Black "IRANIRAQ"]
[Result "1-0"]
[WhiteElo "1949"]
[BlackElo "1648"]

1. e4 e5 2. f4 d6 3. Nf3 exf4 4. Bc4 Bg4 5. O-O h6 6. d4 Nd7 7. Bxf4 Qf6 8. Bg3
Qe7 9. Nc3 c6 10. e5 dxe5 11. dxe5 Nc5 12. Qd6 Qxd6 13. exd6 Bxf3 14. Rae1+ 1-0

[Event "AUTO-ADV-1479"]
[Site "http://www.queenalice.com/game.php?id=655404"]
[Date "2009.9.20"]
[Round "1"]
[White "IRANIRAQ"]
[Black "ravague"]
[Result "0-1"]
[WhiteElo "1656"]
[BlackElo "1954"]

1. d4 d5 2. Nc3 e6 3. e3 Nf6 4. Nf3 Bd6 5. Be2 O-O 6. O-O c5 7. dxc5 Bxc5 8. b3
a6 9. Bb2 b5 10. a3 Bb7 11. b4 Bb6 12. Rb1 Nc6 13. Na2 Rc8 14. Bd4 Bc7 15. c3
Nxd4 16. cxd4 Ne4 17. Rc1 Ng5 18. Nc3 Ne4 0-1